[Event "23rd Alekhine FIDE 2019"]
[Site "Voronezh"]
[Date "2019.06.17"]
[Round "6.1"]
[White "Skvortsov, Andrei"]
[Black "Vasiljev, Ilya"]
[Result "1/2-1/2"]
[WhiteElo "2123"]
[BlackElo "1762"]
[Annotator "TA"]
[PlyCount "123"]
[EventDate "2019.06.12"]
[EventType "swiss"]
[EventCountry "RUS"]
[SourceTitle "playchess.com"]
[Source "ChessBase"]
[SourceQuality "1"]

{[%evp 20,123,51,4,66,70,66,73,67,65,85,33,66,47,95,70,98,77,71,33,25,0,43,5,163,152,164,165,162,162,235,246,241,236,244,251,235,234,300,265,282,275,267,170,195,189,149,160,172,141,691,105,146,111,104,0,0,0,0,0,0,0,14,20,16,0,0,0,0,-66,-66,-47,-9,-14,0,-9,-10,-15,-23,-16,-11,-19,-11,-18,0,0,0,0,0,0,0,0,0,0,0,0,0,0,3,0,0,0,0,0,0,0]} 1. Nf3 Nf6 2. c4 e6 ({Predecessor:} 2... c5 3. g3 b6 4. Bg2 Bb7 5. O-O d6 6. Nc3 Nbd7 7. e3 Rc8 8. b3 e6 9. Bb2 Be7 10. d4 cxd4 11. exd4 {1-0 (23) Budai,D (2269)-Sanchez Repullo,D (2260) Hungary 2016}) 3. g3 b6 4. Bg2 Bb7 5. O-O Be7 6. b3 O-O 7. Bb2 c5 8. e3 d6 9. Nc3 Nbd7 10. d4 cxd4 11. exd4 (11. Nxd4 $5 {[%cal Rg2b7]} Bxg2 12. Kxg2 $14) 11... Rc8 $146 {A30: Symmetrical English: Double Fianchetto and Hedgehog} (11... d5 $11) (11... d5 12. Ne5 Bb4 13. Rc1 Rc8 14. Ne2 Ne4 15. Nd3 Be7 16. Nef4 Ndf6 17. Qe2 Re8 18. Ne5 Bf8 19. Rc2 {0-1 (46) Pigusov,E (2588)-Sargissian,G (2572) Dubai 2003}) 12. d5 $14 e5 13. Ne1 Re8 {White is better.} 14. Nd3 Bf8 15. f4 (15. Nb4 $16) 15... exf4 16. Nxf4 g6 17. Nb5 {aiming for Nd3.} a6 18. Nd4 Bg7 19. Rc1 (19. Nc6 $5 {[%cal Rc6d8]} Qc7 20. Rc1 $14) 19... Ne5 20. Qd2 Rc7 21. Rce1 Rce7 $2 (21... b5 $1 $11 {and Black is okay.}) 22. Nc6 $18 Bxc6 23. dxc6 Qc7 24. Rd1 $36 {[%mdl 2048] Keeping Black busy.} g5 (24... Neg4 {was called for.} 25. Bxf6 (25. Qxd6 Qxd6 26. Rxd6 Ne4 $16) 25... Nxf6 26. Qxd6 Qxd6 27. Rxd6 Kf8) 25. Nd3 (25. Qxd6 Qxd6 26. Rxd6 gxf4 $14) 25... h6 26. Nxe5 dxe5 27. Ba3 Re6 {intending ...e4.} 28. Bd5 Rd8 29. Qg2 Ree8 30. Rf5 b5 31. Rdf1 Nxd5 32. cxd5 b4 {[#]} 33. Bb2 $1 (33. Bxb4 Qb6+ 34. Kh1 Qxb4 $19) 33... Qa5 34. Rxf7 Rxd5 $2 {[%mdl 8192] [#]} (34... Qc5+ $16 35. Kh1 Qxd5) 35. Rd7 $2 ({Not} 35. Qe4 Qc5+ 36. R7f2 (36. Kh1 Qxc6 37. h4 Rf8 $17) 36... Qxc6 $11) (35. Qf3 $1 $18 {is the precise move to win. White threatens Rxg7+! and mate.} Qc5+ 36. Kg2 Rd2+ 37. Kh3) 35... Rxd7 36. cxd7 Qc5+ 37. Kh1 (37. Qf2 $16 Qxf2+ 38. Kxf2) 37... Rd8 $11 38. Rd1 Qb5 39. Qd2 Qc6+ 40. Kg1 Qb6+ 41. Kg2 Qc6+ 42. Qd5+ Qxd5+ 43. Rxd5 {[%mdl 4096] Endgame KRB-KRB} Kf7 44. a3 (44. Bxe5 $11 Bxe5 45. Rxe5) 44... Ke6 $15 {[%mdl 64] Double Attack} 45. Ra5 bxa3 (45... Rxd7 $5 {[%cal Rd7d2]} 46. Bc1 Rd3 47. Rxa6+ Kf5 48. axb4 Rxb3 $17) 46. Rxa6+ Kd5 47. Ra5+ Ke4 48. Ra4+ Kd3 49. Rxa3 {With the idea Ra7.} Rxd7 {The position is equal.} 50. b4+ Kc4 {...Rd2+ is the strong threat.} 51. Kh3 Kxb4 {And now ...e4 would win.} 52. Re3 Rd5 53. Kg4 Kc5 54. Re2 Kd6 55. Kf5 e4+ 56. Kxe4 Bxb2 57. Rxb2 $11 {Black must now prevent Rb6+. KR-KR} Re5+ 58. Kd4 {Hoping for Rb6+.} Re6 59. Rb6+ Ke7 60. Rxe6+ Kxe6 61. Ke4 h5 62. h3 {Accuracy: White = 55%, Black = 43%.} 1/2-1/2

[Event "23rd Alekhine FIDE 2019"]
[Site "Voronezh"]
[Date "2019.06.17"]
[Round "6.2"]
[White "Ashutosh, Kumar"]
[Black "Peschansky, Mikhail"]
[Result "1-0"]
[WhiteElo "1852"]
[BlackElo "2075"]
[Annotator "NA RC"]
[PlyCount "91"]
[EventDate "2019.06.12"]
[EventType "swiss"]
[EventCountry "RUS"]
[SourceTitle "playchess.com"]
[Source "ChessBase"]
[SourceQuality "1"]
[TimeControl "40/5400+30:1800+30"]

{[%evp 8,91,11,12,32767,32767,32767,32767,32767,32767,32767,32767,20,-4,10,1,9,-12,12,2,4,13,7,10,3,0,0,0,0,0,32767,-4,34,32767,29,32767,32767,32767,32767,32767,32767,73,83,82,112,91,124,39,32767,32767,32767,32767,32767,32767,32767,32767,135,32767,32767,32767,32767,32767,32767,310,255,165,232,32767,32767,32767,32767,274,231,289,327,345,391,32767,32767,32767,32767,32767,32767,32767,32767,2735]} 1. c4 {[%emt 0:00:00]} d6 {[%emt 0:00:10]} 2. g3 {[%emt 0:00:56]} g6 {[%emt 0:01:47]} 3. Bg2 {[%emt 0:00:26]} Bg7 {[%emt 0:02:07]} 4. Nc3 {[%emt 0:00:53]} e5 {[%emt 0:00:51]} 5. e3 {[%emt 0:00:29]} Nf6 {[%emt 0:04:34]} 6. d4 {[%emt 0:02:56]} O-O {[%emt 0:01:52]} 7. Nge2 {[%emt 0:02:04]} Nbd7 {[%emt 0:03:08]} 8. O-O {[%emt 0:00:59]} Re8 {[%emt 0:00:20]} 9. Qc2 {[%emt 0:02:51]} c6 {[%emt 0:01:25]} 10. b3 {[%emt 0:00:54]} exd4 {[%emt 0:04:55] E61: King's Indian: Early deviations for White, including Smyslov System} (10... Qe7 11. a4 exd4 12. Nxd4 a5 13. Ba3 Nc5 14. Rad1 h5 15. h3 Qc7 16. Ndb5 cxb5 17. Nxb5 Qe7 18. Nxd6 {1-0 (29) Drozdovskij,Y (2616)-Golubev,M (2479) Odessa 2018}) 11. exd4 {[%emt 0:05:41]} Nb6 {[%emt 0:00:59]} 12. Bg5 {[%emt 0:10:23]} Bf5 $146 {[%emt 0:09:23]} ({Predecessor:} 12... h6 13. Bxf6 Qxf6 14. a4 a5 15. Rfe1 Bf5 16. Qd2 Re7 17. Rac1 Rae8 18. d5 cxd5 19. Bxd5 {½-½ (33) Tremayne,D-Nevin,M England 2000}) 13. Qd2 {[%emt 0:01:55]} d5 {[%emt 0:01:09]} 14. cxd5 {[%emt 0:13:59]} Nbxd5 {[%emt 0:03:51]} 15. Nxd5 {[%emt 0:00:45]} cxd5 {[%emt 0:00:03]} 16. Nf4 {[%emt 0:04:43]} Be4 {[%emt 0:01:08]} 17. f3 {[%emt 0:01:31]} Bf5 {[%emt 0:00:54]} 18. g4 {[%emt 0:01:27]} Be6 {[%emt 0:04:33]} 19. Nxe6 {[%emt 0:09:24]} fxe6 {[%emt 0:03:53]} 20. Rfe1 {[%emt 0:10:44]} Qb6 {[%emt 0:00:31]} 21. Be3 {[%emt 0:00:50]} a5 {[%emt 0:03:50]} 22. Bh3 {[%emt 0:03:56]} Nd7 {[%emt 0:02:16]} 23. g5 {[%emt 0:00:45]} Re7 {[%emt 0:01:57]} 24. Bf2 {[%emt 0:02:10]} Nf8 {[%emt 0:02:57]} 25. Rac1 {[%emt 0:01:18]} Rf7 {[%emt 0:02:38]} 26. Bg4 {[%emt 0:00:41]} Qd6 {[%emt 0:02:23]} 27. Bg3 {[%emt 0:03:46]} (27. Kg2 $16) 27... Qb4 {[%emt 0:01:08]} 28. Rcd1 {[%emt 0:00:14]} Rc8 {[%emt 0:06:32]} 29. Rxe6 {[%emt 0:02:16]} Qxd2 {[%emt 0:10:00]} 30. Rxd2 {[%emt 0:00:07]} Nxe6 {[%emt 0:00:07]} 31. Bxe6 {[%emt 0:00:10]} Rc1+ {[%emt 0:00:04]} 32. Kg2 {[%emt 0:00:44]} Kf8 {[%emt 0:00:27]} 33. Bd6+ {[%emt 0:02:54]} Ke8 {[%emt 0:00:08]} 34. Re2 {[%emt 0:03:13]} Rd7 {[%emt 0:00:06]} 35. Bxd7+ {[%emt 0:01:04]} ({Stronger than} 35. Bxd5+ Kd8 $11) 35... Kxd7 {[%emt 0:00:43]} 36. Ba3 {[%emt 0:00:09]} Rc7 {[%emt 0:00:12]} (36... Ra1 $142) 37. Bc5 {[%emt 0:01:04]} Kc8 {[%emt 0:05:09]} 38. Re8+ {[%emt 0:01:00]} Kd7 {[%emt 0:00:03]} 39. Re7+ {[%emt 0:01:54]} Kc8 {[%emt 0:00:44]} 40. Re6 {[%emt 0:01:14]} a4 {[%emt 0:02:10]} 41. bxa4 {[%emt 0:30:27]} Rf7 {[%emt 0:30:12]} 42. Kg3 {[%emt 0:01:15]} Kc7 {[%emt 0:00:41]} 43. a5 {[%emt 0:00:49]} Bf8 {[%emt 0:01:51]} 44. Rf6 {[%emt 0:01:18]} Rxf6 {[%emt 0:00:31]} 45. gxf6 {[%emt 0:00:03]} Bd6+ {[%emt 0:00:39]} 46. Kg4 $18 {[%emt 0:01:45]} 1-0

[Event "23rd Alekhine FIDE 2019"]
[Site "Voronezh"]
[Date "2019.06.17"]
[Round "6.3"]
[White "Tatarintsev, Egor"]
[Black "Natarov, Ilya"]
[Result "1-0"]
[WhiteElo "2001"]
[BlackElo "2045"]
[Annotator "NA RC"]
[PlyCount "54"]
[EventDate "2019.06.12"]
[EventType "swiss"]
[EventCountry "RUS"]
[SourceTitle "playchess.com"]
[Source "ChessBase"]
[SourceQuality "1"]
[TimeControl "40/5400+30:1800+30"]

{[%evp 8,51,56,36,45,31,33,37,46,30,34,32,25,30,32767,32767,32767,0,89,50,56,54,6,26,32767,32767,32767,175,32767,168,32767,133,220,127,32767,32767,32767,32767,32767,32767,32767,32767,32767,32767,32767,391]} 1. e4 {[%emt 0:00:00]} Nf6 {[%emt 0:00:00]} 2. e5 {[%emt 0:00:35]} Nd5 {[%emt 0:00:00]} 3. c4 {[%emt 0:00:08]} Nb6 {[%emt 0:00:00]} 4. d4 {[%emt 0:00:08]} d6 {[%emt 0:00:00]} 5. exd6 {[%emt 0:00:14]} cxd6 {[%emt 0:00:00]} 6. Nc3 {[%emt 0:00:13]} g6 {[%emt 0:00:07]} 7. Be3 {[%emt 0:00:27]} Bg7 {[%emt 0:00:34]} 8. Rc1 {[%emt 0:01:26]} O-O {[%emt 0:00:07]} 9. b3 {[%emt 0:00:03]} Bf5 {[%emt 0:00:05]} 10. Be2 {[%emt 0:00:57] B03: Alekhine's Defence: Four Pawns Attack} d5 {[%emt 0:19:14]} 11. c5 {[%emt 0:00:55]} Nc8 {[%emt 0:01:14]} 12. Bf3 {[%emt 0:00:05]} Nc6 {[%emt 0:20:40]} (12... e5 $11) (12... e6 13. g4 Be4 14. Nxe4 dxe4 15. Bxe4 Nc6 16. Ne2 N8e7 17. O-O Qd7 {1-0 (34) Corrales Jimenez,F (2559)-Zhao,J (2610) chess.com INT 2019}) 13. Nge2 {[%emt 0:11:09]} e5 {[%emt 0:04:18]} 14. Bxd5 {[%emt 0:07:05]} exd4 $146 {[%emt 0:01:40]} ({Predecessor:} 14... Nb4 15. Bxb7 Nd3+ 16. Kf1 Rb8 17. Bxc8 Rxc8 {1-0 (51) Kalisky,V (2246)-Gazik,I (2314) Slovakia 2013}) 15. Bxc6 {[%emt 0:03:10]} dxc3 {[%emt 0:15:54]} 16. Qxd8 {[%emt 0:04:26]} Rxd8 {[%emt 0:00:02]} 17. Bxb7 {[%emt 0:00:18]} Rb8 {[%emt 0:00:36]} 18. c6 {[%emt 0:02:02]} c2 {[%emt 0:00:55]} 19. O-O {[%emt 0:03:31]} ({White should play} 19. Bf4 $18 Nb6 20. f3 (20. Bxb8 Rxb8 21. Ba6 Bb2 $16)) 19... Rd5 {[%emt 0:04:34]} (19... Nd6 $16 {keeps fighting.}) 20. Nf4 {[%emt 0:07:23]} Ra5 {[%emt 0:01:37]} 21. g4 {[%emt 0:02:25]} Bxg4 {[%emt 0:02:00]} 22. Rxc2 {[%emt 0:01:19]} Nd6 {[%emt 0:00:35]} 23. b4 {[%emt 0:07:53]} Ra4 {[%emt 0:03:31]} 24. Nd5 {[%emt 0:21:14]} Nxb7 {[%emt 0:01:16]} 25. Bf4 {[%emt 0:01:24]} Nd6 {[%emt 0:04:59]} 26. c7 $18 {[%emt 0:05:37]} ({Weaker is} 26. Bxd6 Rd8 $18) 26... Ra8 {[%emt 0:04:48]} 27. Bxd6 {[%emt 0:01:22]} Bc8 1-0

[Event "23rd Alekhine FIDE 2019"]
[Site "Voronezh"]
[Date "2019.06.17"]
[Round "6.4"]
[White "Beldyugin, Alexey"]
[Black "Stepochkin, Fedor"]
[Result "1-0"]
[WhiteElo "2126"]
[BlackElo "1929"]
[Annotator "TA"]
[PlyCount "101"]
[EventDate "2019.06.12"]
[EventType "swiss"]
[EventCountry "RUS"]
[SourceTitle "playchess.com"]
[Source "ChessBase"]
[SourceQuality "1"]

{[%evp 9,101,20,66,64,70,12,26,22,21,0,21,14,11,12,24,15,10,8,16,0,4,0,16,-3,0,-23,0,0,-10,-25,0,0,10,0,0,0,-8,-36,0,0,132,136,158,145,197,164,210,211,515,407,407,407,407,407,407,406,405,398,395,335,333,342,336,333,356,352,358,329,390,316,406,400,435,428,422,421,428,388,29974,29975,29975,29976,29980,29981,29980,29981,29983,29984,29985,29986,29986,29987,29987,29988]} 1. c4 Nf6 2. g3 e6 3. Bg2 d5 4. Nf3 b6 5. cxd5 (5. O-O Be7 6. d4 O-O 7. Nc3 Bb7 8. Ne5 Nbd7 9. cxd5 Nxd5 10. Nxd5 exd5 11. Nd3 Re8 12. Bf4 Nf8 13. Rc1 Ne6 14. Be3 Bf6 15. Nf4 Ng5 16. Qa4 Ne4 17. Rc2 Be7 18. Nd3 Bd6 19. Bf4 {1-0 (49) Malakhov,V (2706)-Wang,C (2500) China 2015}) 5... Nxd5 6. O-O {A13: English Opening: 1...e6} Be7 7. Nc3 (7. d4 $14) 7... Bb7 8. Qa4+ {White has an edge.} Qd7 9. Qb3 $146 (9. Qc2 {with more complications.} Nb4 10. Qd1 O-O 11. d4 Rd8 12. a3) ({Predecessor:} 9. Qg4 O-O 10. d4 f5 11. Qh5 Bf6 12. Bg5 Bxg5 13. Nxg5 Nf6 14. Qh3 Bxg2 15. Qxg2 {1-0 (52) Csonka,B (2424)-Kovacevic,B (2489) Budapest 2017}) 9... Nxc3 10. dxc3 O-O 11. Rd1 Qc8 12. Bf4 Nd7 13. Qc2 Nf6 14. c4 Be4 15. Qc3 Qb7 16. Be5 Rfd8 17. h3 c5 18. a4 Ne8 19. g4 Bf6 20. Bxf6 Nxf6 21. a5 h6 22. Rxd8+ Rxd8 23. b4 Qc7 24. b5 Qf4 (24... Qb7 $11 {keeps the balance.}) 25. Qe5 $16 Qxe5 26. Nxe5 Rd2 (26... g5 $16 27. axb6 axb6) 27. Nc6 Bxg2 28. Kxg2 $18 {[%mdl 4096] Endgame KRN-KRN} Rc2 $2 (28... bxa5 29. Rxa5 Rxe2) 29. Nxa7 bxa5 {[#]} 30. b6 $1 {[%cal Rb6b7] And now b7 would win.} Rxc4 31. Nc6 {Black must now prevent b7.} Nd7 32. b7 Nb8 33. Nxb8 {Hoping for Nc6. KRN-KR} Rb4 34. Nd7 Rxb7 35. Nxc5 Rb5 36. Nd3 h5 37. Rc1 hxg4 38. hxg4 Kh7 39. f4 g5 40. Rc7 Kg8 41. Kf3 gxf4 42. Kxf4 f6 43. Rc5 Rxc5 $2 {[#]} (43... Rb6 $18 44. Rxa5 Kf7) 44. Nxc5 {KN-K3P. White mates.} Kf7 45. e4 Ke7 46. e5 Kf7 47. g5 f5 48. Kg3 Kg6 49. Nxe6 a4 50. Kf4 a3 51. Nc5 {Played: Ne6-d4} 1-0

[Event "23rd Alekhine FIDE 2019"]
[Site "Voronezh"]
[Date "2019.06.17"]
[Round "6.5"]
[White "Kiseleva, Arina"]
[Black "Al-Hajiri, Bader"]
[Result "0-1"]
[WhiteElo "2049"]
[BlackElo "2121"]
[Annotator "RC"]
[PlyCount "132"]
[EventDate "2019.06.12"]
[EventType "swiss"]
[EventCountry "RUS"]
[SourceTitle "playchess.com"]
[Source "ChessBase"]
[SourceQuality "1"]
[TimeControl "40/5400+30:1800+30"]

1. Nf3 {[%emt 0:03:55]} Nf6 {[%emt 0:00:00]} 2. g3 {[%emt 0:00:28]} d5 {[%emt 0:00:30]} 3. Bg2 {[%emt 0:00:07]} g6 {[%emt 0:00:30]} 4. O-O {[%emt 0:00:15]} Bg7 {[%emt 0:00:05]} 5. c4 {[%emt 0:02:04]} c6 {[%emt 0:03:46]} 6. Qc2 {[%emt 0:07:23]} O-O {[%emt 0:00:50]} 7. d3 {[%emt 0:00:24]} Nbd7 {[%emt 0:02:33]} 8. cxd5 {[%emt 0:12:17]} cxd5 {[%emt 0:00:20]} 9. Bf4 {[%emt 0:01:00]} Ne8 {[%emt 0:02:14]} 10. Nc3 {[%emt 0:03:43]} e5 {[%emt 0:02:25]} 11. Bg5 {[%emt 0:00:28]} f6 {[%emt 0:01:19]} 12. Bd2 {[%emt 0:00:11]} Nb6 {[%emt 0:00:39]} 13. a4 {[%emt 0:02:56]} Be6 {[%emt 0:02:04]} 14. a5 {[%emt 0:00:43]} Nd7 {[%emt 0:00:06]} 15. a6 {[%emt 0:02:22]} b6 {[%emt 0:00:45]} 16. b4 {[%emt 0:01:09]} Rc8 {[%emt 0:00:37]} 17. Qb3 {[%emt 0:01:48]} Nc7 {[%emt 0:01:43]} 18. d4 {[%emt 0:01:14]} e4 {[%emt 0:05:03]} 19. Ne1 {[%emt 0:00:12]} b5 {[%emt 0:00:10]} 20. Bf4 {[%emt 0:02:32]} Nb6 {[%emt 0:02:54]} 21. Bxc7 {[%emt 0:04:01]} Qxc7 {[%emt 0:00:08]} 22. Nxe4 {[%emt 0:06:14]} Qc4 {[%emt 0:00:24]} 23. Qxc4 {[%emt 0:00:34]} Rxc4 {[%emt 0:00:06]} 24. Nc5 {[%emt 0:00:07]} Bg4 {[%emt 0:00:36]} 25. f3 {[%emt 0:02:59]} Bc8 {[%emt 0:00:18]} 26. e3 {[%emt 0:01:37]} Re8 {[%emt 0:00:57]} 27. Ra3 {[%emt 0:15:37]} Rxb4 {[%emt 0:00:32]} 28. Ned3 {[%emt 0:00:33]} Rxe3 {[%emt 0:03:46]} 29. Kf2 {[%emt 0:06:27]} Nc4 {[%emt 0:02:18]} 30. Ra2 {[%emt 0:01:46]} Ra4 {[%emt 0:01:31]} 31. Rxa4 {[%emt 0:01:35]} bxa4 {[%emt 0:01:35]} 32. f4 {[%emt 0:00:17]} Be6 {[%emt 0:00:47]} 33. Nxe6 {[%emt 0:01:40]} Rxd3 {[%emt 0:00:10]} 34. Bxd5 {[%emt 0:00:09]} Rd2+ {[%emt 0:02:01]} 35. Ke1 {[%emt 0:03:04]} Rc2 {[%emt 0:00:07]} 36. Nc5+ {[%emt 0:06:50]} Kf8 {[%emt 0:01:37]} 37. Rf3 {[%emt 0:01:11]} Nb6 {[%emt 0:01:17]} 38. Be4 {[%emt 0:00:42]} Rc1+ {[%emt 0:01:52]} 39. Kd2 {[%emt 0:00:16]} Rc4 {[%emt 0:00:04]} 40. Ne6+ {[%emt 0:01:05]} Kf7 {[%emt 0:01:08]} 41. f5 {[%emt 0:31:00]} Bh6+ {[%emt 0:31:05]} 42. Ke2 {[%emt 0:03:08]} Ke7 {[%emt 0:01:45]} 43. g4 {[%emt 0:01:28]} Bc1 {[%emt 0:00:17]} 44. Rh3 {[%emt 0:01:03]} gxf5 {[%emt 0:02:26]} 45. gxf5 {[%emt 0:00:39]} h6 {[%emt 0:00:43]} 46. Rg3 {[%emt 0:00:10]} a3 {[%emt 0:00:45]} 47. Bb1 {[%emt 0:01:53]} Rb4 {[%emt 0:02:05]} 48. Ba2 {[%emt 0:01:20]} Rb2+ {[%emt 0:01:05]} 49. Kd1 {[%emt 0:00:04]} Rxa2 {[%emt 0:00:07]} 50. Kxc1 {[%emt 0:00:06]} Nc4 {[%emt 0:00:06]} 51. Rg7+ {[%emt 0:01:55]} Kd6 {[%emt 0:00:08]} 52. Nc5 {[%emt 0:00:26]} Rxh2 {[%emt 0:01:01]} 53. Nb3 {[%emt 0:00:38]} a2 {[%emt 0:00:43]} 54. Rb7 {[%emt 0:00:37]} Rb2 {[%emt 0:00:16]} 55. Na1 {[%emt 0:00:23]} Rxb7 {[%emt 0:02:16]} 56. axb7 {[%emt 0:00:09]} Kc7 {[%emt 0:00:03]} 57. Kc2 {[%emt 0:00:19]} h5 {[%emt 0:00:17]} 58. Kd3 {[%emt 0:00:17]} h4 {[%emt 0:00:11]} 59. Ke2 {[%emt 0:00:27]} a5 {[%emt 0:00:18]} 60. Kf3 {[%emt 0:00:15]} a4 {[%emt 0:00:27]} 61. Kg4 {[%emt 0:00:17]} Nd2 {[%emt 0:00:06]} 62. Kxh4 {[%emt 0:00:19]} Nb3 {[%emt 0:00:01]} 63. Nc2 {[%emt 0:00:23]} Nxd4 {[%emt 0:00:42]} 64. Na1 {[%emt 0:00:23]} Nxf5+ {[%emt 0:00:34]} 65. Kh5 {[%emt 0:00:05]} Nd4 {[%emt 0:00:08]} 66. Kg6 {[%emt 0:00:06]} Nb3 {[%emt 0:00:04]} 0-1

[Event "23rd Alekhine FIDE 2019"]
[Site "Voronezh"]
[Date "2019.06.17"]
[Round "6.6"]
[White "Zakirov, Vladislav"]
[Black "Artemov, Nikita"]
[Result "0-1"]
[WhiteElo "2099"]
[BlackElo "2028"]
[Annotator "NA RC"]
[PlyCount "102"]
[EventDate "2019.06.12"]
[EventType "swiss"]
[EventCountry "RUS"]
[SourceTitle "playchess.com"]
[Source "ChessBase"]
[SourceQuality "1"]
[TimeControl "40/5400+30:1800+30"]

{[%evp 8,102,34,30,29,3,34,32767,32767,32767,32767,32767,86,82,84,39,46,45,36,28,87,32767,32767,19,80,70,32767,146,32767,32767,32767,32767,32767,54,72,41,32767,79,92,32767,32767,32767,32767,32767,32767,32767,120,0,0,32767,32767,32767,32767,-48,32767,-346,32767,32767,-318,-317,32767,32767,32767,32767,-409,-407,32767,32767,-299,-323,-274,-297,-315,-302,-325,-330,-318,-397,-382,-1613,-69,-1165,-6288,-5210,-29954,-1444,-5321,-29985,-29976,-12406,-29971,-29987,-29976,-29977,-29979,-29979,-29981]} 1. e4 {[%emt 0:00:00]} c5 {[%emt 0:03:59]} 2. Nf3 {[%emt 0:00:00]} d6 {[%emt 0:00:05]} 3. d4 {[%emt 0:00:00]} cxd4 4. Nxd4 Nf6 {[%emt 0:00:50]} 5. Nc3 {[%emt 0:00:24]} Nc6 {[%emt 0:00:04]} 6. h3 {[%emt 0:00:12]} g6 {[%emt 0:02:10]} 7. g4 {[%emt 0:00:24]} Bg7 {[%emt 0:00:25]} 8. Be3 {[%emt 0:00:44]} a6 {[%emt 0:11:23] B72: Sicilian Dragon: 6 Be3, lines with h3+Bc4 and sidelines} 9. Bg2 {[%emt 0:05:35]} (9. Qd2 h5 10. g5 Nd7 11. O-O-O O-O 12. f4 Nb6 13. Qf2 Nxd4 14. Bxd4 Bxd4 15. Qxd4 Be6 {½-½ (89) Amonatov,F (2620)-Mareco,S (2635) Doha 2016}) 9... Ne5 {[%emt 0:15:09]} 10. Qe2 {[%emt 0:06:13]} Qc7 {[%emt 0:10:36]} 11. g5 $146 {[%emt 0:02:14]} ({Predecessor:} 11. O-O-O e6 12. Rh2 O-O 13. g5 Ne8 14. h4 f5 15. gxf6 Nxf6 {0-1 (31) Martinez,A-Prieto Martinez,F Zaragoza 1990}) 11... Nh5 {[%emt 0:00:45]} 12. Nd5 {[%emt 0:01:00]} Qa5+ {[%emt 0:01:41]} 13. c3 {[%emt 0:17:24]} Qd8 {[%emt 0:00:27]} (13... Bd7 $11 {remains equal.}) 14. O-O-O {[%emt 0:08:23]} e6 {[%emt 0:12:36]} 15. Nb4 {[%emt 0:03:36]} O-O {[%emt 0:02:04]} (15... Qc7 $1 $11 {remains equal.}) 16. f4 {[%emt 0:02:20]} Nc6 {[%emt 0:07:56]} 17. Ndxc6 {[%emt 0:04:26]} ({Much less strong is} 17. Nbxc6 bxc6 18. Nxc6 Qc7 $16) 17... bxc6 {[%emt 0:00:09]} 18. Qf2 {[%emt 0:00:33]} a5 {[%emt 0:02:09]} 19. Nxc6 {[%emt 0:02:22]} Qc7 {[%emt 0:01:58]} 20. e5 $1 {[%emt 0:04:44]} d5 {[%emt 0:00:05]} 21. Nd4 {[%emt 0:00:12]} a4 {[%emt 0:01:08]} 22. a3 {[%emt 0:00:50]} Rb8 {[%emt 0:02:19]} 23. Bf3 {[%emt 0:03:47]} Qc4 {[%emt 0:00:51]} 24. Bxh5 {[%emt 0:06:41]} gxh5 {[%emt 0:02:06]} 25. Nc2 {[%emt 0:00:27]} Ba6 {[%emt 0:02:12]} 26. Nb4 {[%emt 0:02:19]} Rfc8 {[%emt 0:03:14]} 27. Nxa6 {[%emt 0:03:01]} (27. Rd4 $16 Qe2 28. Rh2 (28. Nxa6 Qxa6 29. Qc2 Rb3 $11) 28... Qxf2 29. Rxf2) 27... Qxa6 {[%emt 0:00:33]} 28. Bc5 {[%emt 0:01:38]} Qc4 {[%emt 0:02:12]} 29. Bb4 {[%emt 0:01:35]} Qa2 {[%emt 0:02:21]} 30. Qc2 {[%emt 0:01:22]} Bf8 {[%emt 0:00:59]} 31. Rh2 $2 {[%emt 0:08:54]} (31. b3 $17 {was necessary.} Qxc2+ 32. Kxc2) 31... Bxb4 {[%emt 0:00:49]} 32. axb4 {[%emt 0:00:04] [#]} Rxb4 $3 {[%emt 0:05:22]} 33. cxb4 {[%emt 0:00:05]} Rc4 {[%emt 0:01:27]} 34. Re2 {[%emt 0:03:56]} a3 {[%emt 0:01:39]} 35. bxa3 {[%emt 0:00:20]} Qxa3+ {[%emt 0:00:34]} (35... Rxc2+ $2 36. Rxc2 Qa1+ 37. Kd2 $19) 36. Kb1 {[%emt 0:01:26]} Rxc2 {[%emt 0:00:15]} 37. Kxc2 {[%emt 0:00:08]} Qxb4 {[%emt 0:00:10]} 38. Rf1 {[%emt 0:00:14]} Kg7 {[%emt 0:00:57]} 39. Rf3 {[%emt 0:01:05]} Kg6 {[%emt 0:00:55]} 40. Ref2 {[%emt 0:01:29]} Kf5 {[%emt 0:00:20]} 41. Kd3 {[%emt 0:31:07]} Qb1+ {[%emt 0:30:47]} 42. Ke3 {[%emt 0:00:24]} Qd1 {[%emt 0:00:39]} 43. Re2 {[%emt 0:00:59]} (43. Rf1 $142 d4+ 44. Kf2 Qc2+ 45. Kg3) 43... d4+ {[%emt 0:01:29]} 44. Kf2 {[%emt 0:00:08]} d3 {[%emt 0:00:30]} 45. Ree3 {[%emt 0:00:44]} Qc2+ {[%emt 0:00:26]} 46. Kg3 {[%emt 0:00:09]} d2 {[%emt 0:00:11]} 47. Rf2 {[%emt 0:00:07]} d1=Q {[%emt 0:00:20]} 48. Rxc2 {[%emt 0:00:09]} Qxc2 {[%emt 0:00:04]} 49. Rf3 {[%emt 0:00:03]} Qe2 {[%emt 0:00:43]} 50. Rf2 {[%emt 0:00:09] [#]} h4+ {[%emt 0:00:11]} 51. Kg2 {[%emt 0:00:04]} Qxf2+ {[%emt 0:00:25]} 0-1